00423nam a22001097a 4500008004100000020001800041082001600059100005300075245012900128250001900257260003700276200219b ||||| |||| 00| 0 eng d a9781259003882 a005.133 GRT aJAMES, R. GROFF, Paul Weinberg & ANDREW J. Oppel aSQL : The Complete ReferencebIncludes Unique SQL Join Syntax SummaryhEnglishkPaperbacknDimensions: 47.2 x 10.2 x 60.5 cm a3RDbJuly 2017 aNew DelhibMcGraw Hill Education